| 000 | 00574nam a2200205Ia 4500 | ||
|---|---|---|---|
| 003 | GCL | ||
| 008 | 140319s9999 xx 000 0 ara d | ||
| 040 |
_aGCL / _cGCL |
||
| 082 | 0 | 4 |
_a629.44 _bس س |
| 100 | 1 | _aسعد شعبان | |
| 245 | 1 | 0 |
_aسكامى لاب والطريق الى الكواكب / _cسعد شعبان |
| 300 | _a242 ص | ||
| 490 | _a | ||
| 650 | 0 | 4 | _aالفضاء |
| 650 | 0 | 4 | _aالاقمار الصناعية |
| 650 | 0 | 4 | _aمركبات الفضاء |
| 650 | 0 | 4 | _aالفضاء الخارجى |
| 650 | 0 | 4 | _aرواد الفضاء |
| 942 |
_2ddc _cBK |
||
| 999 |
_c41111 _d41111 |
||